00631nab a2200181 i 4500001000700000003000900007005001700016008004100033080001500074100004400089245007300133300002000206610004800226651003100274651002500305655001700330773010200347180771ES-MaACL20250827063231.0120711s1913 sp 000 0 spa d a930.85(82)1 aMéndez Calzada, Luis,d1888-1945eaut13aLa cultura en la República Argentina / cpor Luis Méndez Calzada aPáginas 19-3824aAteneo de Madrid-vConferencias-y1900-1939 7aArgentina-xCivilización 4aArgentina- xCultura 0aConferencias0 tLa Palabra : revista taquigráfica, xISSN 2479-7723gN. 6 (15 marzo 1913), p. 19-3802879w2879